000 02517nam0a2200421 4500
001 RU\NLR\BIBL_A\011388162
005 20260408073553.0
021 _aRU
_b2017-23383
_91730
029 1 0 _aRU
_b12189-2017
_cГОСТ Р ИСО
035 _a(RuMoRGB)008842038
035 _a(NLR Aleph) 011388162
090 _a11439668
_c11439668
100 _a20170519d2017 k y0rusy50 ca
101 0 _arus
102 _aRU
105 _aa l 000|y
200 1 _aИмплантаты для хирургии
_iМеханические испытания имплантируемых спинальных изделий
_iМетод усталостных испытаний сборных спинальных имплантатов с использованием передней опоры
_dImplants for surgery. Mechanical testing of implantable spinal devices. Fatigue test method for spinal implant assemblies using an anterior support
_zeng
_eГОСТ Р ИСО 12189-2017
_fподготовлен ЦИТОпроект (ООО "ЦИТОпроект")
205 _aИзд. офиц.
210 _aМосква
_cСтандартинформ
_d2017
215 _aIV, 11 c.
_cил.
_d29
225 2 _aНациональный стандарт Российской Федерации
_fФедеральное агентство по техническому регулированию и метрологии
239 _aВвед. 01.01.2018
320 _aБиблиогр.: с. 10 (7 назв.)
510 1 _aImplants for surgery
_zeng
510 1 _aMechanical testing of implantable spinal devices
_zeng
510 1 _aFatigue test method for spinal implant assemblies using an anterior support
_zeng
517 1 _aГОСТ Р ИСО 12189-2017
606 1 _aИмплантаты спинальные
_jСтандарты
_xУсталостная прочность
_xИспытание
_92328041
_3RU\NLR\AUTH\6601616741
675 _a620.178.35/006/354
686 _a11.040.40
_v2000
_2ОКС
686 _a93 9300
_2ОКП
712 0 2 _4900
_a"Цитопроект", общество с ограниченной ответственностью
_cМосква
_9558141
_3RU\NLR\AUTH\880447280
712 0 1 _4725
_aРоссийская Федерация
_bФедеральное агентство по техническому регулированию и метрологии
_9630205
_3RU\NLR\AUTH\8810064304
942 _cBOOK
980 _aNBR